Indicadores de salud mental en trabajadores de la salud Antioquia 1998 (Registro nro. 108299)

Detalles MARC
000 -CABECERA
campo de control de longitud fija 00952nam a2200277 u 4500
001 - NÚMERO DE CONTROL
campo de control 326261
005 - FECHA Y HORA DE LA ÚLTIMA TRANSACCIÓN
campo de control 20260506082738.0
008 - DATOS DE LONGITUD FIJA--INFORMACIÓN GENERAL
campo de control de longitud fija 981216s1998 ||||||m| spa
035 ## - NÚMERO DE CONTROL DEL SISTEMA
Número de control de sistema 326261
040 ## - FUENTE DE LA CATALOGACIÓN
Centro/agencia transcriptor comduadb
041 ## - CÓDIGO DE LENGUA
Código de lengua del texto/banda sonora o título independiente spa
080 ## - NÚMERO DE LA CLASIFICACIÓN DECIMAL UNIVERSAL
Número de la Clasificación Decimal Universal WM
100 10 - ENTRADA PRINCIPAL--NOMBRE DE PERSONA
Nombre de persona Ruiz Granada, Aura
Código de función aut
Término indicativo de función/relación Autor/a
9 (RLIN) 293708
245 10 - TÍTULO PROPIAMENTE DICHO
Título propiamente dicho Indicadores de salud mental en trabajadores de la salud Antioquia 1998
260 ## - PUBLICACIÓN, DISTRIBUCIÓN, ETC.
Lugar de publicación, distribución, etc. Medellín,
Fecha de publicación, distribución, etc. 1998.
300 ## - DESCRIPCIÓN FÍSICA
Extensión 53p. + anexos
500 ## - NOTA GENERAL
Nota general Tesis (Maestría en Salud Pública con Énfasis en Salud Mental). Universidad de Antioquia. Facultad Nacional de Salud Pública - Título de la tesis
650 #7 - PUNTO DE ACCESO ADICIONAL DE MATERIA--TÉRMINO DE MATERIA
Término de materia o nombre geográfico como elemento de entrada Salud mental
Fuente del encabezamiento o término dcs
9 (RLIN) 188061
650 #7 - PUNTO DE ACCESO ADICIONAL DE MATERIA--TÉRMINO DE MATERIA
Término de materia o nombre geográfico como elemento de entrada Violencia
Fuente del encabezamiento o término embne
9 (RLIN) 32770
650 ## - PUNTO DE ACCESO ADICIONAL DE MATERIA--TÉRMINO DE MATERIA
Término de materia o nombre geográfico como elemento de entrada Estrés
9 (RLIN) 187580
650 #7 - PUNTO DE ACCESO ADICIONAL DE MATERIA--TÉRMINO DE MATERIA
Término de materia o nombre geográfico como elemento de entrada Indicadores de salud
Fuente del encabezamiento o término lemb
9 (RLIN) 16359
650 ## - PUNTO DE ACCESO ADICIONAL DE MATERIA--TÉRMINO DE MATERIA
Término de materia o nombre geográfico como elemento de entrada Recursos humanos en salud
9 (RLIN) 13934
651 #7 - PUNTO DE ACCESO ADICIONAL DE MATERIA--NOMBRE GEOGRÁFICO
Nombre geográfico Colombia
Fuente del encabezamiento o término embne
9 (RLIN) 870547
700 10 - ENTRADA AGREGADA--NOMBRE PERSONAL
Nombre de persona Gómez Arias, Rubén Darío
Código de función aut
Término indicativo de función/relación Autor/a
9 (RLIN) 481807
942 ## - ELEMENTOS DE ENTRADA AGREGADA (KOHA)
Tipo de ítem Koha Tesis
Existencias
Estado de retiro Estado de pérdida Estado dañado No para préstamo Código de colección Localización permanente Ubicación/localización actual Fecha de adquisición Número de inventario Total de préstamos Signatura topográfica completa Código de barras Fecha visto por última vez Número de copia Precio válido a partir de Tipo de ítem Koha
        Colección Semiactiva Biblioteca de Salud Pública, Campus Medellín Biblioteca de Salud Pública, Campus Medellín 16/12/1998 C405447   WM105 R8-98 61000002336838 22/04/2023 2 22/04/2023 Tesis